000
00304nam a22001337a 4500
008
180918b xxu||||| |||| 00| 0 eng d
020
_a
0721685666
041
_a
eng
080
_2
2 ED
_a
610
100
_a
5
101
_a
ANE
245
_a
Clinical Anesthesia Practice
_c
Kirby G
942
_2
udc
_c
BK
999
_c
47961
_d
47961